Word Ladder: TWICE Songs Quiz Stats

 Plays Quiz Updated Jul 20, 2019

Score 0/24 Timer 02:00
9 Plays Today
Clue 4-letter word % Correct
🎶 What is ____? 🎶
OR Zero, in tennis
LOVE
92.9%
🎶 ____ at Me 🎶
OR Take a gander
LOOK
88.5%
🎶 ____ OOH-AHH 🎶
OR In comparison to
LIKE
87.3%
🎶 One ____ Time 🎶
OR Oliver Twist’s request
MORE
87.2%
🎶 I ____ You Back 🎶
OR Desire
WANT
86.8%
🎶 ____ Me Up 🎶
OR Arouse from sleep
WAKE
86.6%
🎶Like a ____ 🎶
OR Subject of April 1
FOOL
83.3%
🎶 Dance the Night ____ 🎶
OR Not home
AWAY
80.2%
Apple’s centerCORE
76.5%
Not prerecordedLIVE
75.1%
🎶 I’m Gonna Be a ____ 🎶
OR Night light?
STAR
72.2%
🎶 ____ By My Side 🎶
OR Dog command
STAY
72%
Clue 4-letter word % Correct
Bottle stopperCORK
70.8%
Ontario or Michigan, e.g.LAKE
68.3%
Shake a legMOVE
67.5%
Pirate’s bootyLOOT
63.9%
Pan handler?COOK
63.7%
Diminish, recedeWANE
62.3%
Stocking stuffer?FOOT
59.9%
Rock back and forthSWAY
59.1%
Chair partSEAT
54.7%
Scorch; charSEAR
49.2%
Hit the roadWENT
41%
On its waySENT
40%

Today's Daily Dose

You're not logged in!

Compare scores with friends on all Sporcle quizzes.
OR
Log In

Sporcle TV

Today on Sporcle TV


Watch our educational content, quiz creation guides, and fun videos on Sporcle TV.

Show Comments

Extras

Top Quizzes Today


Score Distribution

Your Account Isn't Verified!

In order to create a playlist on Sporcle, you need to verify the email address you used during registration. Go to your Sporcle Settings to finish the process.

Report this User

Report this user for behavior that violates our Community Guidelines.

Details: